Prístup k tvorbe reinžinieringových procesov vo vybraných strojárskych a elektrotechnických firmách na východnom Slovensku

Definícia pojmu reinžiniering. Výber procesov pre reinžiniering. Ilustrácia podnikateľských procesov vo firme. Hmotné a informačné väzby medzi procesmi vo firme. Výsledky dotaznikového prieskumu vo vybraných slovenských podnikoch, ktoré sa rozhodli pre cestu reinžinieringu.

Gespeichert in:
Bibliographische Detailangaben
1. Verfasser: Vavrinčík, Pavel
Weitere Verfasser: Mihalčová, Bohuslava, 1963-
Format: Buchkapitel
Sprache:Slowakisch
Schlagworte:
Tags: Tag hinzufügen
Keine Tags, Fügen Sie das erste Tag hinzu!

MARC

LEADER 00000naa a2200000 4500
001 r045393
005 20230918081741.7
041 0 |a slo 
044 |a SK 
245 1 0 |a Prístup k tvorbe reinžinieringových procesov vo vybraných strojárskych a elektrotechnických firmách na východnom Slovensku  |c Pavel Vavrinčík, Bohuslava Mihalčová 
520 |a Definícia pojmu reinžiniering. Výber procesov pre reinžiniering. Ilustrácia podnikateľských procesov vo firme. Hmotné a informačné väzby medzi procesmi vo firme. Výsledky dotaznikového prieskumu vo vybraných slovenských podnikoch, ktoré sa rozhodli pre cestu reinžinieringu. 
610 2 0 |a reengineering 
610 2 0 |a definície 
610 2 0 |a priemysel strojársky 
610 2 0 |a elektrotechnika 
610 2 0 |a Slovensko 
610 2 0 |a firmy 
610 2 0 |a zmeny organizačné 
610 2 0 |a dotazníky 
100 1 |a Vavrinčík, Pavel 
700 1 |a Mihalčová, Bohuslava, 1963-